Statistics for Guess the Parent Company

Click here to take the quiz!

General Stats

  • This quiz has been taken 12 times
  • The average score is 5 of 10

Answer Stats

HintAnswer% Correct
Minute MaidCoca-Cola
73%
Nerds(Boycott) Nestlé
64%
TwixMars
64%
Taco BellPepsiCo
64%
CheeriosGeneral Mills
55%
Pop-TartsKellog's
45%
Band-AidJohnson & Johnson
36%
Ben & Jerry'sUnilever
36%
Old SpiceP&G
27%
Jell-OKraft
9%

Score Distribution

Percentile by Number Answered

Percent of People with Each Score

Your Score History

You have not taken this quiz